[Event "18th Delhi GM Open 2020"]
[Site "Delhi"]
[Date "2020.01.09"]
[Round "1.18"]
[White "Gholami, Aryan"]
[Black "Tiwari, Arjun"]
[Result "1-0"]
[WhiteElo "2541"]
[BlackElo "2101"]
[Annotator "TA"]
[PlyCount "109"]
[EventDate "2020.01.09"]
[EventType "swiss"]
[EventCountry "IND"]
[SourceTitle "playchess.com"]
[Source "ChessBase"]
[SourceQuality "1"]

{[%evp 14,109,57,36,25,16,17,-3,0,0,21,-14,-11,-16,-18,-14,-14,-45,11,-13,0,0,0,0,50,38,59,59,63,64,64,48,60,34,60,25,29,30,20,26,28,16,37,27,68,0,0,0,0,5,7,0,0,0,133,130,125,125,129,116,116,115,113,98,239,239,239,235,258,247,245,241,236,232,235,252,255,249,250,223,260,255,756,755,734,751,585,281,740,730,679,722,693,650,406,280,29984,29985]} 1. Nf3 Nf6 2. g3 g6 3. b3 Bg7 4. Bb2 O-O 5. Bg2 d6 6. d4 e5 7. dxe5 Nfd7 8. O-O dxe5 {A49: 1 d4 Nf6 2 Nf3 g6 3 g3: Anti-King's Indian systems} (8... Nc6 9. c4 dxe5 10. Nc3 f5 11. h4 h6 12. e4 f4 13. Qd5+ Kh7 14. Rad1 Qe7 15. Nb5 Nf6 16. Qd3 Rd8 17. Qb1 {0-1 (24) Karthikeyan,M (2593)-Yakubboev,N (2587) Xingtai 2019}) 9. Nfd2 Nc6 10. c4 Nd4 {The position is equal.} 11. Nc3 f5 12. e3 $146 ({Predecessor:} 12. Ba3 Re8 13. e3 Ne6 14. e4 f4 15. Rc1 Ndf8 16. Nf3 Qf6 17. Bb2 {½-½ (34) Ballas,A (2015)-Loutragotis,D (2143) Achaia 2017}) 12... Ne6 13. Qc2 c6 14. b4 e4 15. Rad1 Qg5 (15... Qe7 $15) 16. Qb3 Ne5 17. c5 Kh8 18. Ne2 Qh6 19. h4 g5 20. Bxe5 Bxe5 21. Nc4 Bc7 22. hxg5 Nxg5 23. Nf4 Be6 24. Qc3+ Qg7 $1 {[%cal Rg7c3]} 25. Qxg7+ Kxg7 26. Nxe6+ Nxe6 27. Rd7+ Rf7 28. Rfd1 $36 {[%mdl 2048] Black is under pressure.} b5 29. Nd6 (29. cxb6 $14 axb6 30. Nd6 Rxd7 31. Nxf5+ Kf6 32. Rxd7 Kxf5 33. Bh3+ Kf6 34. Bxe6) 29... Rxd7 $11 30. Nxf5+ {[%mdl 64] [#] Discovered Attack} Kf6 31. Rxd7 Kxf5 32. Bh3+ Kf6 {...Be5 is the strong threat.} 33. Bxe6 Bxg3 {[%mdl 4096] Endgame KRB-KRB} (33... Kxe6 $11 34. Rxc7 Kd5) 34. Bb3 $16 ({Don't play} 34. fxg3 $6 Kxe6 35. Rd6+ (35. Rxh7 a5 $11) 35... Kf5 $11) 34... Be5 35. Rxh7 Bc3 36. Bc2 Bxb4 37. Bxe4 Bxc5 38. Rh6+ Ke5 (38... Ke7 $16) 39. Bxc6 $18 {[%mdl 64] [#] Double Attack} Rg8+ 40. Kf1 {Hoping for f4+.} Bb6 41. Bxb5 Kd5 42. Rh5+ Kd6 43. Bc4 Rc8 44. Bb3 Rc3 45. Ke2 Rc1 46. Rd5+ Kc6 47. Rd1 Rc3 $2 (47... Rc5 48. Rd3 Rh5) 48. Kd2 Rc5 49. Rc1 Ba5+ 50. Kd1 Bc3 $2 (50... Rxc1+ 51. Kxc1 Kd7) 51. Ke2 Kb5 52. Kd3 Kb4 53. f4 Bb2 54. Rc2 Rc4 $2 (54... Rxc2 $18 55. Bxc2 (55. Kxc2 Ba3 $18) 55... a5) 55. Rxc4+ {Accuracy: White = 64%, Black = 43%.} 1-0

[Event "18th Delhi GM Open 2020"]
[Site "Delhi"]
[Date "2020.01.09"]
[Round "1.19"]
[White "Barath Kalyan M"]
[Black "Debashis, Das"]
[Result "0-1"]
[WhiteElo "2091"]
[BlackElo "2523"]
[Annotator "TA"]
[PlyCount "63"]
[EventDate "2020.01.09"]
[EventType "swiss"]
[EventCountry "IND"]
[SourceTitle "playchess.com"]
[Source "ChessBase"]
[SourceQuality "1"]

{[%evp 17,63,-8,12,8,24,-12,-14,-28,-14,-20,-27,-18,-16,-17,-18,-58,-46,-53,-19,-28,20,18,114,12,42,0,14,15,0,-208,-199,-293,-289,-334,-327,-601,-611,-547,-310,-356,-357,-484,-390,-525,-516,-843,-787,-857]} 1. d4 Nf6 2. Nf3 e6 3. e3 d5 4. Bd3 c5 5. c3 Nc6 6. O-O Bd6 7. Nbd2 O-O 8. dxc5 Bxc5 9. e4 h6 10. h3 {D05: Colle System with ...e6} (10. Qe2 Qc7 11. Bc2 a5 12. a4 b6 13. exd5 exd5 14. Nb3 Re8 15. Qd1 Bg4 16. Qd3 Re4 17. Bd1 Bc8 18. Qd2 Ba6 19. Re1 Rae8 20. Nxc5 bxc5 21. Bc2 Rxe1+ 22. Nxe1 Re2 23. Qd1 Ng4 24. Nf3 Nce5 {0-1 (24) Collas,D (2420)-Nabaty,T (2529) Bansko 2010}) 10... Bb6 11. Qe2 Nh5 {[#] Strongly threatening ...Nf4.} 12. Rd1 $146 {The position is equal.} ({Predecessor:} 12. exd5 Ng3 13. Qd1 Nxf1 14. Nxf1 exd5 {0-1 (28) Vilarnovo Caamano,J (1945)-Giemsa,S (2275) Caleta 2019}) 12... Nf4 13. Qf1 Qf6 14. Bb1 Bd7 15. g3 Ng6 16. Kg2 Rad8 17. Qe2 Kh8 18. h4 a6 19. a4 Bc7 {[#]} (19... Nge5 $11) 20. Rh1 ({White should play} 20. h5 $1 $16) 20... Kg8 21. Nb3 dxe4 22. Bxe4 Qe7 $36 {[%mdl 2048] Black fights for an advantage.} 23. Bg5 $2 (23. Nbd4 $11 {and White is okay.}) 23... hxg5 $19 24. Nxg5 (24. hxg5 $142 Be8 25. a5) 24... f5 25. Qh5 {[%csl Gg5][%cal Rh5h7]} Rf6 26. Qh7+ $2 (26. Bc2) 26... Kf8 27. Kg1 Ke8 28. Bf3 {next Bh5 is good for White.} Nce5 29. Bh5 {Threatens to win with f4.} Qf8 30. f4 Ke7 31. fxe5 (31. Bxg6 $142 Rxg6 32. Qh5) 31... Nxe5 32. Nd4 {Accuracy: White = 46%, Black = 42%.} 0-1

[Event "18th Delhi GM Open 2020"]
[Site "Delhi"]
[Date "2020.01.09"]
[Round "1.20"]
[White "Grover, Sahaj"]
[Black "Sarbojit Paul"]
[Result "1-0"]
[WhiteElo "2521"]
[BlackElo "2084"]
[Annotator "ChessBase"]
[PlyCount "77"]
[EventDate "2020.01.09"]
[EventType "swiss"]
[EventCountry "IND"]
[SourceTitle "playchess.com"]
[Source "ChessBase"]
[SourceQuality "1"]
[TimeControl "5400+30"]

1. d4 {[%emt 0:00:05]} d5 {[%emt 0:00:02]} 2. Bf4 {[%emt 0:00:21]} Nf6 {[%emt 0:01:11]} 3. e3 {[%emt 0:00:23]} c5 {[%emt 0:00:26]} 4. c3 {[%emt 0:00:12]} Nc6 {[%emt 0:00:06]} 5. Nd2 {[%emt 0:00:13]} Bf5 {[%emt 0:00:14]} 6. Ngf3 {[%emt 0:00:35]} Qb6 {[%emt 0:03:43]} 7. dxc5 {[%emt 0:00:26]} Qxb2 {[%emt 0:09:52]} 8. Nd4 {[%emt 0:00:23]} Bg6 {[%emt 0:11:30]} 9. Bb5 {[%emt 0:06:33]} e5 {[%emt 0:37:48]} 10. Bxe5 {[%emt 0:23:13]} Nd7 {[%emt 0:01:08]} 11. Bg3 {[%emt 0:07:03]} Bxc5 {[%emt 0:04:13]} 12. O-O {[%emt 0:00:12]} Bxd4 {[%emt 0:03:29]} 13. Bxc6 {[%emt 0:00:52]} bxc6 {[%emt 0:00:07]} 14. cxd4 {[%emt 0:00:19]} O-O {[%emt 0:01:46]} 15. Qc1 {[%emt 0:02:13]} Qxc1 {[%emt 0:01:58]} 16. Rfxc1 {[%emt 0:00:07]} Rfc8 {[%emt 0:00:04]} 17. Bd6 {[%emt 0:05:01]} f6 {[%emt 0:03:48]} 18. Rc3 {[%emt 0:00:12]} a5 {[%emt 0:00:16]} 19. Rac1 {[%emt 0:02:05]} Ra6 {[%emt 0:00:33]} 20. Rb3 {[%emt 0:01:14]} Rb6 {[%emt 0:06:54]} 21. Ra3 {[%emt 0:07:33]} Ra6 {[%emt 0:02:22]} 22. Rb3 {[%emt 0:00:49]} Rb6 {[%emt 0:00:05]} 23. Bc5 {[%emt 0:00:18]} Rb5 {[%emt 0:01:06]} 24. a4 {[%emt 0:00:30]} Rbb8 {[%emt 0:01:20]} 25. Bd6 {[%emt 0:00:30]} Rb6 {[%emt 0:00:23]} 26. Bc5 {[%emt 0:02:27]} Rbb8 {[%emt 0:01:46]} 27. Ba7 {[%emt 0:02:19]} Rb4 {[%emt 0:03:23]} 28. Ra3 {[%emt 0:04:57]} c5 {[%emt 0:02:31]} 29. Bxc5 {[%emt 0:00:35]} Nxc5 {[%emt 0:01:55]} 30. dxc5 {[%emt 0:00:22]} Rb2 {[%emt 0:00:08]} 31. Nb3 {[%emt 0:00:53]} Bc2 {[%emt 0:00:02]} 32. Nd4 {[%emt 0:09:11]} Rxc5 {[%emt 0:00:02]} 33. h4 {[%emt 0:00:10]} Rc4 {[%emt 0:00:32]} 34. h5 {[%emt 0:03:31]} Rxa4 {[%emt 0:01:29]} 35. Rc3 {[%emt 0:00:07]} Rxd4 {[%emt 0:00:46]} 36. exd4 {[%emt 0:00:06]} Bb3 {[%emt 0:00:12]} 37. Rc7 {[%emt 0:01:03]} Rd2 {[%emt 0:00:49]} 38. Ra7 {[%emt 0:01:14]} Bc4 {[%emt 0:00:30]} 39. Rb1 {[%emt 0:00:11]} 1-0

[Event "18th Delhi GM Open 2020"]
[Site "Delhi"]
[Date "2020.01.09"]
[Round "1.21"]
[White "Santu, Mondal"]
[Black "Visakh N R"]
[Result "0-1"]
[WhiteElo "2083"]
[BlackElo "2518"]
[Annotator "TA"]
[PlyCount "30"]
[EventDate "2020.01.09"]
[EventType "swiss"]
[EventCountry "IND"]
[SourceTitle "playchess.com"]
[Source "ChessBase"]
[SourceQuality "1"]

{[%evp 9,56,-4,16,11,8,14,21,-91,-93,-85,-96,-91,-83,-106,-18,-30,-8,-23,-8,-13,-13,-12,0,-31,-8,-20,-24,-31,-18,-23,-17,-25,0,0,0,-1,54,-12,-1,-9,-8,-8,0,0,0,0,0,-527,0]} 1. d4 Nf6 2. Nf3 d5 3. c4 e6 4. g3 Bb4+ 5. Bd2 Bd6 (5... Be7 6. Bg2 O-O 7. O-O Nbd7 8. Qc2 c6 9. Rc1 b6 10. cxd5 cxd5 11. Qd1 Bb7 12. a3 a6 13. Bf4 Rc8 14. Nbd2 Rxc1 15. Rxc1 Qa8 16. Ne5 Nxe5 17. Bxe5 {½-½ (41) Mamedyarov,S (2790)-Radjabov,T (2756) Shamkir 2019}) 6. Nc3 {E01: Catalan: Early deviations} O-O 7. Qc2 Nc6 8. e4 (8. c5 $11 {remains equal.} Be7 9. a3) 8... dxe4 $17 9. Nxe4 {[#]} e5 $146 ({Predecessor:} 9... Nxe4 10. Qxe4 e5 11. O-O-O Nxd4 12. Nxd4 exd4 13. Qxd4 {½-½ (37) Luo,T (1793)-Tian,E (2121) Sturbridge 2018}) 10. dxe5 Nxe5 11. Nxe5 {[#] And now f4 would win.} Bxe5 (11... Nxe4 $1 $17 12. Qxe4 Bxe5) 12. Bg2 $1 $11 Bf5 {White must now prevent ...Nxe4.} 13. Bg5 Qc8 {Hoping for ...Bxe4.} 14. Bxf6 Bxf6 15. O-O Be7 {Played: Bf6-d4} 0-1

[Event "18th Delhi GM Open 2020"]
[Site "Delhi"]
[Date "2020.01.09"]
[Round "1.22"]
[White "Yudin, Sergei"]
[Black "Anadkat Kartavya"]
[Result "1-0"]
[WhiteElo "2508"]
[BlackElo "2082"]
[Annotator "TA"]
[PlyCount "115"]
[EventDate "2020.01.09"]
[EventType "swiss"]
[EventCountry "IND"]
[SourceTitle "playchess.com"]
[Source "ChessBase"]
[SourceQuality "1"]

{[%evp 20,115,16,0,0,-7,0,-2,0,0,12,11,8,0,13,0,23,11,22,1,62,0,32,0,80,-35,89,0,0,-114,20,0,7,0,0,0,0,0,0,0,24,16,18,18,23,25,25,29,31,25,31,40,42,32,52,0,53,3,4,4,4,7,8,15,87,77,98,98,193,188,424,437,397,390,322,317,310,293,29966,29968,29967,29964,29954,6106,29973,29974,29974,29976,29976,29977,29976,29977,29977,29978,29978,29979,29977,29976]} 1. e4 e5 2. Nf3 Nc6 3. Bc4 Bc5 4. d3 Nf6 5. O-O O-O 6. Nbd2 d6 7. c3 a6 8. Bb3 h6 9. Re1 Be6 10. Nc4 Ba7 11. Be3 b5 {C54: Giuoco Piano: 4 c3 Nf6, main lines with 5 d4 and 5 d3} (11... Bxe3) 12. Ncd2 Bxe3 13. Rxe3 Bxb3 $146 {The position is equal.} ({Predecessor:} 13... d5 14. Re1 Re8 15. a4 Qd6 16. exd5 Bxd5 17. Ne4 {½-½ (17) Klip,H (2350)-Cuijpers,F (2480) Netherlands 2009}) 14. Qxb3 d5 15. Ree1 dxe4 16. dxe4 Qe7 17. a4 Qc5 18. Qd1 Rfd8 19. Qe2 Rf8 (19... bxa4 $11 20. Rxa4 Qb5) 20. Qd1 Rfd8 21. Qe2 (21. b4 $5 {[%cal Rb4c5]} Qb6 22. Qe2 $14) 21... Ne7 (21... Rf8 $11) 22. b4 ({White should play} 22. axb5 $16 axb5 23. Nb3) 22... Qb6 (22... Qxc3 $15 {keeps the upper hand.} 23. axb5 axb5 24. Rxa8 Rxa8) 23. Red1 (23. Nxe5 $16 {And now Ndf3 would win.} c5 24. Ndf3) 23... Qc6 24. Nf1 (24. c4 $11) 24... Nd7 (24... Qxe4 $17 25. Qe1 Qxe1 26. Rxe1 Ned5 27. axb5 axb5 28. Nxe5 Rxa1 29. Rxa1 Nxc3) 25. axb5 axb5 26. Rxa8 Rxa8 27. Qd3 Nf6 28. Nxe5 Qxe4 29. Nd7 Qxd3 30. Nxf6+ gxf6 31. Rxd3 $11 {[%mdl 4096] Endgame KRN-KRN} c6 32. g3 Nd5 33. Ne3 Nxe3 34. Rxe3 {KR-KR} Ra1+ 35. Kg2 Rc1 36. g4 Kg7 37. Kg3 (37. Rd3 $1 $14) 37... Kg6 (37... Rg1+ $11 38. Kf3 Rh1) 38. Kf4 Rc2 39. Rf3 Re2 40. h4 Kg7 41. Kg3 Rc2 (41... Rd2 $11) 42. Rd3 $16 Kf8 {[#]} 43. f3 $1 Ke7 (43... Kg8 $16) 44. Kf4 $18 Re2 $2 {[#]} (44... Rb2 45. Kf5 Re2) 45. Re3+ $1 Rxe3 46. Kxe3 {Threatens to win with Kf4. KP-KP} f5 47. Kf4 ({Not} 47. gxf5 f6 $16) 47... Ke6 48. gxf5+ Kf6 $2 (48... Kd5 $18 49. Kg4 Kc4) 49. Ke4 Ke7 50. Kd4 Kd6 51. f6 (51. c4 $142 f6 52. h5 bxc4 53. Kxc4 Kd7 54. Kc5 Kc7 55. f4 Kd7 56. Kb6) 51... Ke6 52. Kc5 {White mates.} Kd7 53. Kb6 Kd6 54. Kb7 Kd7 55. h5 Kd6 56. Kc8 c5 57. Kb7 Kd5 58. Kb6 {Accuracy: White = 56%, Black = 29%.} 1-0

[Event "18th Delhi GM Open 2020"]
[Site "Delhi"]
[Date "2020.01.09"]
[Round "1.23"]
[White "Balkishan, A.."]
[Black "Stupak, Kirill"]
[Result "0-1"]
[WhiteElo "2079"]
[BlackElo "2506"]
[Annotator "RC"]
[PlyCount "89"]
[EventDate "2020.01.09"]
[EventType "swiss"]
[EventCountry "IND"]
[SourceTitle "playchess.com"]
[Source "ChessBase"]
[SourceQuality "1"]
[TimeControl "5400+30"]

1. d4 Nf6 2. c4 c5 3. d5 b5 4. Nf3 g6 5. g3 bxc4 6. Nc3 Bg7 7. e4 d6 8. Nd2 O-O 9. Nxc4 Ba6 10. h4 h5 11. Bg5 Nbd7 12. Qd2 Rb8 13. Rb1 Rb4 14. b3 Bxc4 15. Bxf6 Bxf6 16. Bxc4 Qa5 17. Nd1 Bd4 18. Rc1 Rfb8 19. Rc2 Nf6 20. Bd3 Qd8 21. O-O a5 22. Kg2 a4 23. bxa4 Rxa4 24. f4 Qa5 25. Qe2 Ng4 26. e5 Qa8 27. Be4 Kg7 28. Bf3 Rb1 29. exd6 exd6 30. f5 Ne5 31. Be4 Ra1 32. Ne3 Bxe3 33. f6+ Kg8 34. Qxe3 Rxf1 35. Kxf1 Ng4 36. Qe2 Ra3 37. Rb2 Re3 38. Qc2 Qd8 39. Kg2 Qxf6 40. Kh3 Qe5 41. Rb8+ Kg7 42. Qg2 Rxe4 43. Qf3 Re2 44. Rg8+ Kxg8 45. Qf4 0-1

[Event "18th Delhi GM Open 2020"]
[Site "Delhi"]
[Date "2020.01.09"]
[Round "1.24"]
[White "Harsha Bharathakoti"]
[Black "Joshi, Govind Ballabh"]
[Result "0-1"]
[WhiteElo "2502"]
[BlackElo "2075"]
[Annotator "TA"]
[PlyCount "66"]
[EventDate "2020.01.09"]
[EventType "swiss"]
[EventCountry "IND"]
[SourceTitle "playchess.com"]
[Source "ChessBase"]
[SourceQuality "1"]

{[%evp 23,66,25,47,28,40,29,25,16,25,20,18,0,35,21,23,30,39,37,43,31,26,30,35,17,35,38,54,53,51,50,49,42,65,60,64,58,100,-223,-233,-315,-210,-393,-266,-381,-422]} 1. c4 c5 2. Nc3 Nc6 3. Nf3 g6 4. e3 Nf6 5. d4 cxd4 6. exd4 d5 7. cxd5 Nxd5 8. Qb3 Nxc3 9. Bc4 Nd5 10. Bxd5 e6 11. Bxc6+ bxc6 12. O-O Bg7 13. Bf4 {A35: Symmetrical English: 2 Nc3 Nc6 3 Nf3} O-O 14. Qe3 Qb6 15. b3 {White has an edge.} Rd8 {[%cal Rg7d4]} 16. Rfd1 Rd5 $146 ({Predecessor:} 16... a5 17. Ne5 a4 18. b4 Ba6 19. a3 Rd5 20. Rd2 Rad8 {1-0 (44) Karpov,A (2688)-Granero Roca,A (2342) Benidorm 2002}) 17. Ne5 Bd7 18. Nc4 Qd8 19. Be5 Be8 20. Bxg7 Kxg7 21. Qc3 f6 22. Rd2 Rc8 23. Rad1 Rc7 24. Ne3 Rh5 25. h3 Rf7 26. Qc4 Re7 27. Re2 Qd6 28. Qc1 Rg5 29. Ng4 h5 {[#]} 30. Nxf6 $2 {[%mdl 8192]} (30. Ne5 $1 $16 {keeps the pressure on.}) 30... Kxf6 $19 31. Re5 Rf5 32. g4 $2 (32. Qh6 Rg7 33. Rde1) 32... hxg4 33. hxg4 (33. Qh6 $142 Rf7 34. hxg4) 33... Rxe5 {Accuracy: White = 50%, Black = 69%.} 0-1

[Event "18th Delhi GM Open 2020"]
[Site "Delhi"]
[Date "2020.01.09"]
[Round "1.26"]
[White "Vasquez Schroeder, Rodrigo"]
[Black "Makhija, Aashna"]
[Result "1/2-1/2"]
[WhiteElo "2487"]
[BlackElo "2068"]
[Annotator "TA"]
[PlyCount "90"]
[EventDate "2020.01.09"]
[EventType "swiss"]
[EventCountry "IND"]
[SourceTitle "playchess.com"]
[Source "ChessBase"]
[SourceQuality "1"]

{[%evp 17,90,0,8,-17,-17,-12,10,-22,44,46,69,1,0,0,0,8,0,-77,18,-163,97,95,369,50,95,94,393,56,56,56,56,13,12,10,5,-63,-65,-89,-88,-115,-54,-137,-67,-58,-44,-50,-10,-10,-10,-10,-10,-10,-10,-10,-10,-10,-10,-10,0,0,0,0,0,-140,0,0,241,0,55,107,98,0,0,0,89]} 1. e4 e6 2. d4 d5 3. Nc3 Nf6 4. e5 Nfd7 5. Nce2 c5 6. f4 Nc6 7. c3 Qb6 8. a3 f6 9. Nf3 Be7 10. h4 {C11: French: Classical System: 4 e5 and 4 Bg5 dxe4} O-O 11. b4 cxb4 12. cxb4 f5 $146 (12... a5 $11) ({Predecessor:} 12... a5 13. b5 Qxb5 14. Nc3 Qb6 15. Rb1 Qd8 16. Bd3 h6 17. Nb5 Na7 18. Ng5 fxg5 19. hxg5 Nxb5 20. gxh6 {0-1 (31) Baramidze,D (2615)-Bartel,M (2635) Germany 2012}) 13. Nc3 $14 Qd8 14. Bd3 ({Better is} 14. Ng5 $14 Nb6 15. Qh5) 14... Nb6 $11 15. Be3 Bd7 16. g4 Rc8 {Strongly threatening ...Nxb4.} 17. gxf5 (17. Rc1 $1 $11) 17... exf5 ({Black should play} 17... Nxb4 $1 $17 18. axb4 Rxc3 19. fxe6 Bxe6) 18. Ng5 $2 (18. Rc1 $11 {and White stays safe.}) 18... Bxg5 $2 (18... Nxb4 $19 19. axb4 Rxc3) 19. hxg5 $16 ({Worse is} 19. fxg5 f4 $17) 19... Be6 $2 {[%mdl 8192]} (19... Ne7 $16 20. Rc1 g6) 20. Ra2 $2 ({White must play} 20. Qh5 $18 Nxb4 21. axb4 Rxc3 22. Qxh7+ Kf7 23. Rh6) 20... g6 21. Rah2 a6 $2 {[%mdl 8192]} (21... Rf7 $16 {is a better defense.}) 22. Bf2 $2 (22. Rxh7 $18 Rc7 23. R7h6) 22... Rf7 $14 23. Qb3 Qc7 24. Ne2 Nc4 25. Rh6 Rg7 26. R1h4 (26. Qc3 $11) 26... b5 $15 27. Bxc4 dxc4 28. Qh3 Qf7 (28... a5 $17 29. bxa5 b4) 29. Be3 {[#]} (29. Nc3 $15) 29... Ne7 (29... c3 $1 $17 {[%mdl 512]} 30. Qg3 (30. Nxc3 Nxe5) 30... c2) 30. Nc3 Nd5 31. Bd2 Nxc3 (31... Nc7 {keeps more tension.} 32. Be3 Rd8 33. Qh2 Bd5 34. Qf2 Qd7) 32. Bxc3 Bd5 33. Qe3 Qb7 34. Kf2 Re8 35. Rh2 Qd7 36. Kg3 Bc6 37. d5 Bxd5 38. e6 Rxe6 39. Qd4 Ree7 {...Ba8 is the strong threat.} 40. Qc5 {[#]} (40. Qb6 $11 Qc7 41. Qf2 (41. Qxc7 $2 Re3+ {[%mdl 64] Double Attack} 42. Kf2 Rf3+ 43. Kg1 Rxc7 $19)) 40... Bb7 (40... Qe6 $1 $17 {[%cal Re6e3] And now ...Qe3+ would win.} 41. Be5 Bb7) 41. Rd2 $11 Qc7 $2 (41... Qe8 $1 $11 {and Black is okay.} 42. Bxg7 Rxg7) 42. Qf2 $2 ({Only move:} 42. Qxc7 $18 {White threatens Qd8+ and mate.} Rxc7 43. Rd8+ Kf7 44. Rh8) 42... Rgf7 (42... Be4 $11) 43. Qd4 $14 {[%csl Gc3][%cal Rd4h8][%mdl 1024] White has compensation.} Rg7 {Threatens to win with ...Rd7.} 44. Qf2 (44. Qd8+ $16 Kf7 45. Qxc7 (45. Qd4 $2 Ke8 $19) 45... Rxc7 46. Rd8) 44... Rgf7 (44... Re4 $11 45. Bxg7 Kxg7) 45. Qd4 $16 {[%csl Gc3][%cal Rd4h8]} Rg7 {Accuracy: White = 38%, Black = 30%.} 1/2-1/2

[Event "18th Delhi GM Open 2020"]
[Site "Delhi"]
[Date "2020.01.09"]
[Round "1.27"]
[White "Tejes Suresh Kumar"]
[Black "Kaczur, Florian"]
[Result "0-1"]
[WhiteElo "2067"]
[BlackElo "2485"]
[Annotator "TA"]
[PlyCount "62"]
[EventDate "2020.01.09"]
[EventType "swiss"]
[EventCountry "IND"]
[SourceTitle "playchess.com"]
[Source "ChessBase"]
[SourceQuality "1"]

{[%evp 21,62,7,15,10,31,18,36,29,41,25,33,28,28,26,36,0,35,0,29,35,51,47,49,14,31,20,20,0,0,0,19,0,0,0,74,-138,-135,-917,-894,-1006,-987,-908,-750]} 1. e4 e5 2. Nf3 Nc6 3. Bc4 Nf6 4. d3 Bc5 5. c3 O-O 6. O-O d6 7. Nbd2 a6 8. Bb3 h6 9. h3 Ba7 10. Re1 Be6 11. Nf1 Re8 12. Bxe6 {C54: Giuoco Piano: 4 c3 Nf6, main lines with 5 d4 and 5 d3} (12. Bc2 d5 13. exd5 Nxd5 14. Ng3 Qd6 15. Nh4 Qe7 16. Qh5 Rad8 17. d4 Nf4 18. Bxf4 exf4 19. Nf1 Rd5 20. Qxd5 Bxd5 21. Rxe7 Nxe7 {½-½ (76) Volokitin,A (2641)-Kryvoruchko,Y (2675) Lutsk 2019}) 12... fxe6 13. Be3 {[#]} Qd7 $146 ({Predecessor:} 13... Bxe3 14. Nxe3 Qd7 15. Ng4 Qf7 16. Nxf6+ Qxf6 17. Nh2 Rf8 18. Ng4 Qf7 19. Re3 h5 {½-½ (45) Bellini,F (2473)-Jenni,F (2524) Switzerland 2007}) 14. Bxa7 {White is slightly better.} Rxa7 15. d4 exd4 16. cxd4 Qf7 17. Ng3 Ne7 18. Nf1 Nc6 19. Ng3 Ne7 {[%cal Bc6e7,Be7g6,Bg6f4,Bf4h3,Bh3f2][%mdl 32]} 20. Qc2 Ng6 21. Rac1 Re7 22. b4 Ra8 23. a4 Rf8 24. a5 Nf4 25. Rb1 N6h5 {aiming for ...Nxg2!} 26. Re3 Qg6 27. Kh2 Ref7 {[#]} (27... c6 $11) 28. Ne1 $2 {[#]} (28. b5 $1 $16 {stays on course.}) 28... Nxh3 $1 $17 {[%mdl 512]} 29. Nxh5 $2 {[%mdl 8192]} (29. e5 $17 Qxc2 30. Nxc2 Nxg3 31. Kxh3) (29. gxh3 Rxf2+) 29... Nxf2 $19 {( -> ...Ng4+). Black is clearly winning.} 30. Kg1 Ng4 {[%csl Gf8][%cal Rf7f1]} 31. Rf3 Qxh5 {Accuracy: White = 31%, Black = 57%.} 0-1

[Event "18th Delhi GM Open 2020"]
[Site "Delhi"]
[Date "2020.01.10"]
[Round "2.1"]
[White "Amonatov, Farrukh"]
[Black "Abdisalimov, Abdimalik"]
[Result "1/2-1/2"]
[WhiteElo "2631"]
[BlackElo "2381"]
[Annotator "TA"]
[PlyCount "92"]
[EventDate "2020.01.09"]
[EventType "swiss"]
[EventCountry "IND"]
[SourceTitle "playchess.com"]
[Source "ChessBase"]
[SourceQuality "1"]

{[%evp 9,92,18,25,22,19,9,7,0,2,0,0,0,0,0,0,0,0,0,21,0,0,0,0,-19,0,-4,-8,-22,0,-10,-10,-12,-10,-10,-10,-11,-3,-8,-8,-13,0,-18,-17,-13,-5,-25,-15,-19,0,-2,0,0,0,0,0,-20,0,-24,0,-25,0,0,0,0,0,0,0,-826,0,0,0,0,0,0,0,0,0,0,0,0,0,0,0,0,0]} 1. e4 e5 2. Nf3 Nc6 3. Bb5 Nf6 4. d3 Bc5 5. Bxc6 dxc6 6. Nbd2 {C65: Ruy Lopez: Berlin Defence (3...Nf6), unusual lines and 4 0-0 Bc5} Be6 7. Qe2 Nd7 8. Nb3 Bb6 9. Ng5 Bxb3 10. axb3 f6 11. Nf3 Nc5 12. O-O $146 ({Predecessor:} 12. Be3 Ne6 {0-1 (72) Zhigalko,S (2641)-Anand,V (2782) Riadh 2017}) 12... Ne6 13. Be3 O-O 14. Nh4 Qd7 15. g3 Bd4 16. Rab1 a5 17. Nf5 Bxe3 18. fxe3 a4 19. bxa4 Rxa4 20. Ra1 Rxa1 21. Rxa1 g6 22. Nh4 Ng5 23. Ra7 b6 24. b3 Rf7 25. Ra8+ Kg7 26. Ra1 c5 27. Rf1 h5 28. Nf3 Qg4 29. Qg2 Nxf3+ 30. Rxf3 $11 {[%mdl 4096] Endgame KQR-KQR} Rf8 31. h3 Qe6 32. Rf2 Ra8 33. Kh2 Ra1 34. Qf3 Rc1 35. g4 hxg4 36. hxg4 {next g5! is good for White.} g5 37. Qh3 Qg8 38. Qf3 $2 {[%mdl 8192] [#]} (38. Kg3 $11) 38... Qe6 $2 (38... Qh7+ $19 39. Kg3 Qh4+ 40. Kg2 Qh1+ 41. Kg3 Rg1+ 42. Qg2 Rxg2+ 43. Rxg2 Kf7) 39. Qh3 {The position is equal.} Qg8 (39... Re1 {with more complications.} 40. Kg2 Qg8 41. Kh2 Qf7 42. Kg2 Qg6) 40. Kg2 Re1 41. Qf3 Qe6 42. Rf1 Rxf1 43. Kxf1 Kf7 44. Ke2 Kg7 45. Kd2 Kf7 46. Kc3 Ke7 {Accuracy: White = 49%, Black = 60%.} 1/2-1/2